Normal view
MARC view
Entry Personal Name
001 - CONTROL NUMBER
- control field: 41577
003 - CONTROL NUMBER IDENTIFIER
- control field: ARRUPE
005 - DATE AND TIME OF LATEST TRANSACTION
- control field: 20180420094726.0
008 - FIXED-LENGTH DATA ELEMENTS
- fixed length control field: 180420|| aca||aabn | a|a d
040 ## - CATALOGING SOURCE
- Original cataloging agency: ARRUPE
- Transcribing agency: ARRUPE
100 ## - HEADING--PERSONAL NAME
- Personal name: Sperber, Jonathan,
- Dates associated with a name: 1952-
670 ## - SOURCE DATA FOUND
- Source citation: Work cat.: (ARRUPE)0: Sperber, Jonathan, 1952-, Revolutionary Europe, 1780-1850 /, 2000.